Quel est le numero ou le nom de ce basketteur celebre ? - Statistiques

Statistiques générales
  • Ce quiz a été pris 100 fois
  • Le résultat moyen est 14 sur 16
Statistiques - réponses
Par images Réponse % Correct
23 / Lebron James
100%
23 / Michael Jordan
94%
24 / Kobe Bryant
93%
30 / Stephen Curry
92%
1 / Victor Wembanyama
91%
34 / Shakille O'Neal
90%
35 / Kevin Durant
90%
0 / Jayson Tatum
88%
12 / Ja Morant
84%
77 / Luka Doncic
84%
13 / James Harden
82%
3 / Anthony Davis
81%
1 / Devin Booker
80%
33 / Larry Bird
80%
0 / Tyrese Haliburton
79%
7 / Jaylen Brown
77%
Aucun quiz correspondant
Distribution des résultats
% des personnes avec chaque résultat
Percentile par nombre de réponses
Votre historique - résultats
Vous n’avez pas pris ce quiz